Capitalism and modern social theory : (Record no. 18806)
[ view plain ]
| 000 -LEADER | |
|---|---|
| fixed length control field | 01037nam a22002897a 4500 |
| 005 - DATE AND TIME OF LATEST TRANSACTION | |
| control field | 20201128021152.0 |
| 008 - FIXED-LENGTH DATA ELEMENTS--GENERAL INFORMATION | |
| fixed length control field | 141221r19712013xxu fr2b f001 0deng d |
| 020 ## - INTERNATIONAL STANDARD BOOK NUMBER | |
| International Standard Book Number | 9780521097857 |
| 040 ## - CATALOGING SOURCE | |
| Original cataloging agency | EG-ScBUE |
| 082 00 - DEWEY DECIMAL CLASSIFICATION NUMBER | |
| Edition number | 22 |
| Classification number | 301.045 |
| Item number | GID |
| 100 1# - MAIN ENTRY--PERSONAL NAME | |
| Personal name | Giddens, Anthony |
| 9 (RLIN) | 37001 |
| 245 10 - TITLE STATEMENT | |
| Remainder of title | an analysis of the writings of Marx, Durkheim and Max Weber / |
| Statement of responsibility, etc | Anthony Giddens. |
| Title | Capitalism and modern social theory : |
| 250 ## - EDITION STATEMENT | |
| Edition statement | 1st ed., |
| Remainder of edition statement | reprinted. |
| 260 ## - PUBLICATION, DISTRIBUTION, ETC. (IMPRINT) | |
| Place of publication, distribution, etc | Cambridge, United Kingdom ; |
| -- | New York, United States : |
| Name of publisher, distributor, etc | Cambridge University Press, |
| Date of publication, distribution, etc | 1971. |
| 300 ## - PHYSICAL DESCRIPTION | |
| Extent | xvii, 261 p. ; |
| Dimensions | 23 cm. |
| 500 ## - GENERAL NOTE | |
| General note | Index : p. 255-261. |
| 500 ## - GENERAL NOTE | |
| General note | Reprint of the 1971 ed. |
| 504 ## - BIBLIOGRAPHY, ETC. NOTE | |
| Bibliography, etc | Bibliography : p. 248-254. |
| 600 10 - SUBJECT ADDED ENTRY--PERSONAL NAME | |
| Personal name | Marx, Karl, |
| Dates associated with a name | 1818-1883 |
| 9 (RLIN) | 37002 |
| 600 10 - SUBJECT ADDED ENTRY--PERSONAL NAME | |
| Personal name | Durkheim, EÌmile, |
| Dates associated with a name | 1858-1917 |
| 9 (RLIN) | 37003 |
| 600 10 - SUBJECT ADDED ENTRY--PERSONAL NAME | |
| Personal name | Weber, Max, |
| Dates associated with a name | 1864-1920 |
| 9 (RLIN) | 37004 |
| 650 #0 - SUBJECT ADDED ENTRY--TOPICAL TERM | |
| Topical term or geographic name as entry element | Social sciences |
| General subdivision | Philosophy |
| 9 (RLIN) | 37005 |
| 650 #0 - SUBJECT ADDED ENTRY--TOPICAL TERM | |
| Topical term or geographic name as entry element | Sociology |
| 9 (RLIN) | 718 |
| 653 ## - INDEX TERM--UNCONTROLLED | |
| Resource For college | BAEPS, Political Science |
| Arrived date list | December2014 |
| 655 ## - INDEX TERM--GENRE/FORM | |
| Form subdivision | |
| -- | 34232 |
| 942 ## - ADDED ENTRY ELEMENTS (KOHA) | |
| Source of classification or shelving scheme | Dewey Decimal Classification |
| Call number prefix | 301.045 GID |
| Withdrawn status | Item status | Source of classification or shelving scheme | Damaged status | Not for loan | Vendor | Home library | Current library | Shelving location | Date acquired | Source of acquisition | Cost, normal purchase price | Serial Enumeration / chronology | Total Checkouts | Total Renewals | Full call number | Barcode | Date last seen | Date last borrowed | Cost, replacement price | Koha item type |
|---|---|---|---|---|---|---|---|---|---|---|---|---|---|---|---|---|---|---|---|---|
| Dewey Decimal Classification | Baccah | Central Library | Central Library | First floor | 21/12/2014 | 225.00 | 21291 | 5 | 16 | 301.045 GID | 000037222 | 15/07/2025 | 19/11/2020 | 281.00 | Book - Borrowing |